| 000 | 00438nab a2200145Ia 4500 | ||
|---|---|---|---|
| 003 | ES-SlBCS | ||
| 005 | 20210601125302.0 | ||
| 008 | 140529s1998 xxu||||| |||| 00| 0 eng d | ||
| 041 | _aeng | ||
| 100 | 1 |
_aMann, William E. _9132336 |
|
| 245 | 0 | 0 |
_aPiety: Lending a Hand to Euthyphro _c William E. Mann |
| 650 | 0 | 4 |
_aEutifro _9141506 |
| 773 | 0 |
_tPhilosophy and Phenomenological Research _gvol. 58, 1998, págs. 123-142 _wRev1411 |
|
| 942 | _cAR | ||
| 999 |
_c527846 _d527846 |
||